000 00736cab a2200217 4500
001 ABS45927
008 090401t1992 xxu||||| |||| 00| 0 eng d
035 _a(Sirsi) u55937
041 _aeng
100 _aDriscoll, J.
245 _aHostels, licences and temporary accommodation
260 _c1992
350 _a0
490 _aNew Law Journal
_v142(6541) 28 February 1992, 281-282(2)
520 _aDiscusses the case "Westminster CC v Clarke" (Abs) which considered the distinction between tenancy and licence in hostel accommodation.
650 _aHOSTELS
650 _aLEASE V LICENCE
690 _aPROPERTY-RESIDENTIAL PROPERTY-RESIDENTIAL LANDLORD AND TENANT-RESIDENTIAL TENANCIES
942 _n0
948 _c04/03/1997
999 _c34180
_d34180